Normal view
MARC view
Entry Personal Name
001 - CONTROL NUMBER
- control field: 24379
003 - CONTROL NUMBER IDENTIFIER
- control field: ARRUPE
005 - DATE AND TIME OF LATEST TRANSACTION
- control field: 20160516122038.0
008 - FIXED-LENGTH DATA ELEMENTS
- fixed length control field: 160516|| aca||aabn | a|a d
040 ## - CATALOGING SOURCE
- Original cataloging agency: ARRUPE
- Transcribing agency: ARRUPE
100 ## - HEADING--PERSONAL NAME
- Personal name: Maritain, Jacques
670 ## - SOURCE DATA FOUND
- Source citation: Work cat.: (ARRUPE)4938: Maritain, Jacques, The degrees of knowledge